ब्लॅक मेलरचा डाव (Record no. 391154)

MARC details
000 -LEADER
fixed length control field 00521nam a2200169Ia 4500
008 - FIXED-LENGTH DATA ELEMENTS--GENERAL INFORMATION
fixed length control field 100122s9999 xx 000 0 und d
082 ## - DEWEY DECIMAL CLASSIFICATION NUMBER
Item number 75102
Classification number 823
100 ## - MAIN ENTRY--PERSONAL NAME
Personal name गार्डनर अर्ल स्टन्ले
245 ## - TITLE STATEMENT
Title ब्लॅक मेलरचा डाव
250 ## - EDITION STATEMENT
Edition statement 1
260 ## - PUBLICATION, DISTRIBUTION, ETC. (IMPRINT)
Date of publication, distribution, etc 2008
300 ## - PHYSICAL DESCRIPTION
Extent 216
630 ## - SUBJECT ADDED ENTRY--UNIFORM TITLE
Uniform title ब्लॅक मेलरचा डाव
700 ## - ADDED ENTRY--PERSONAL NAME
Personal name भावे अपर्णा
730 ## - ADDED ENTRY--UNIFORM TITLE
Uniform title ब्लॅक मेलरचा डाव
942 ## - ADDED ENTRY ELEMENTS (KOHA)
Koha item type Book
Holdings
Withdrawn status Lost status Damaged status Not for loan Home library Current library Date acquired Cost, normal purchase price Total Checkouts Full call number Barcode Date last seen Cost, replacement price Price effective from Koha item type Public note
        S.V. Pathak Library, Vile Parle S.V. Pathak Library, Vile Parle 01/27/2009 215.00   75102 SVPPARLE-75102 01/25/2010 215.00 01/25/2010 Book ", , ,"